Un actor se prepara.
Збережено в:
| Автор: | |
|---|---|
| Інші автори: | |
| Формат: | Книга |
| Опубліковано: |
Valencia de la Concepción (Sevilla), España:
Ediciones Ulises,
2014.
|
| Предмети: | |
| Теги: |
Додати тег
Немає тегів, Будьте першим, хто поставить тег для цього запису!
|
MARC
| LEADER | 00000nam a22000007a 4500 | ||
|---|---|---|---|
| 003 | CL-VaPUC | ||
| 005 | 20250321101944.0 | ||
| 008 | 250304t2014 ||||| |||| 00| 0 spa d | ||
| 999 | |c 447090 |d 447088 | ||
| 020 | |a 978-84-941002-3-9 | ||
| 040 | |c Pontificia Universidad Católica de Valparaíso | ||
| 082 | 7 | |a 792.028 STA 2014 |2 22 | |
| 100 | |a Stanislavski, Constantin |9 895241 |d 1863-1938 |e autor | ||
| 245 | 1 | 3 | |a Un actor se prepara. |
| 260 | |a Valencia de la Concepción (Sevilla), España: |b Ediciones Ulises, |c 2014. | ||
| 300 | |a 267 páginas. | ||
| 500 | |a c.1.-c.3. Instituto Arcos 8-1-2025. | ||
| 583 | |c 20250304 |k GC | ||
| 650 | 0 | |a Actuación teatral |9 895242 |x Enseñanza | |
| 700 | |a Cervantes, Dagoberto de |e traducción |9 896287 | ||
| 942 | |2 ddc |c BK |n 0 | ||
| 952 | |0 0 |1 0 |2 ddc |4 0 |6 792_028000000000000_STA_2014 |7 0 |8 A |9 600545 |a BIBINC |b BIBINC |d 2025-01-08 |e Instituto Arcos |i 5665445 |o 792.028 STA 2014 |p 5665445 |r 2025-03-04 |t 1 |w 2025-03-04 |y BK |k IFP | ||
| 952 | |0 0 |1 0 |2 ddc |4 0 |6 792_028000000000000_STA_2014 |7 0 |8 A |9 601190 |a BIBINC |b BIBINC |d 2025-01-08 |e Instituto Arcos |i 5666098 |o 792.028 STA 2014 |p 5666098 |r 2025-03-13 |t 2 |w 2025-03-04 |y BK |k IFP | ||
| 952 | |0 0 |1 0 |2 ddc |4 0 |6 792_028000000000000_STA_2014 |7 0 |8 A |9 601191 |a BIBINC |b BIBINC |d 2025-01-08 |e Instituto Arcos |i 5666099 |o 792.028 STA 2014 |p 5666099 |r 2025-03-13 |t 3 |w 2025-03-04 |y BK |k IFP | ||